| 000 | 00631nam a2200205Ia 4500 | ||
|---|---|---|---|
| 001 | 8320 | ||
| 003 | GE_BSU | ||
| 008 | 181216s||||||||xx |||||||||||||| ||und|| | ||
| 040 | _cGE_BSU | ||
| 245 | _aВопросы языкознания, №5.2013. | ||
| 245 | _bСентябрь-октябрь | ||
| 245 | _cГл.ред.Т.М.Николаева и др. | ||
| 260 | _aМосква. | ||
| 260 | _bНаука | ||
| 260 | _c2013 | ||
| 300 | _a160ст;24см. | ||
| 520 | _aжурнал основан в январе 1952 года выход 6 раз в год. | ||
| 653 | _aВопросы языкознания | ||
| 942 | _cCR | ||
| 999 |
_c41650 _d41650 |
||